Les cellules de l'immunité innée - Statistiques

Statistiques générales
  • Ce quiz a été pris 96 fois
  • Le résultat moyen est 3 sur 8
Statistiques - réponses
Réponse % Correct
macrophage
91%
cellule dendritique
56%
mastocyte
56%
monocyte
48%
polynucleaire neutrophile
23%
complement
11%
cytokine
7%
médiateurs de l'inflammation
1%
Aucun quiz correspondant
Distribution des résultats
% des personnes avec chaque résultat
Percentile par nombre de réponses
Votre historique - résultats
Vous n’avez pas pris ce quiz